000 00279nam a22001217a 4500
008 170712b xxu||||| |||| 00| 0 eng d
041 _aeng
080 _a038
100 _a26
101 _aFJA
245 _aTABERTS CYCLOPEDIA MEDICAL DICTIONARY
_cDAVIS.F.A
942 _2udc
_cBK
999 _c20317
_d20317